World Map Without 25 Random Countries - Statistics

General Stats
  • This quiz has been taken 139 times
  • The average score is 23 of 25
Answers on the Map
Answers color-coded by a green-red scale on the quiz's map according to % correct below.
 
Answer Stats
Country % Correct
Afghanistan
100%
Algeria
100%
Argentina
100%
Australia
100%
Bangladesh
100%
Belarus
100%
Bolivia
100%
Bosnia and Herzegovina
100%
Brazil
100%
Bulgaria
100%
Canada
100%
Central African Republic
100%
Chad
100%
China
100%
Colombia
100%
Costa Rica
100%
Czech Republic
100%
Denmark
100%
Dominican Republic
100%
DR Congo
100%
Egypt
100%
Ethiopia
100%
Finland
100%
France
100%
Gabon
100%
Germany
100%
Ghana
100%
Guatemala
100%
Guyana
100%
Honduras
100%
Hungary
100%
India
100%
Indonesia
100%
Iran
100%
Iraq
100%
Italy
100%
Ivory Coast
100%
Japan
100%
Jordan
100%
Kazakhstan
100%
Kenya
100%
Kyrgyzstan
100%
Laos
100%
Libya
100%
Lithuania
100%
Madagascar
100%
Mali
100%
Mexico
100%
Moldova
100%
Mongolia
100%
Morocco
100%
Mozambique
100%
Myanmar
100%
Namibia
100%
Nepal
100%
New Zealand
100%
Nicaragua
100%
Niger
100%
Nigeria
100%
Norway
100%
Oman
100%
Pakistan
100%
Panama
100%
Paraguay
100%
Peru
100%
Poland
100%
Portugal
100%
Republic of the Congo
100%
Romania
100%
Russia
100%
Serbia
100%
Sierra Leone
100%
South Africa
100%
South Korea
100%
South Sudan
100%
Spain
100%
Sri Lanka
100%
Sudan
100%
Suriname
100%
Sweden
100%
Switzerland
100%
Tanzania
100%
Thailand
100%
Togo
100%
Turkey
100%
Uganda
100%
Ukraine
100%
United Kingdom
100%
United States
100%
Uruguay
100%
Venezuela
100%
Yemen
100%
Zimbabwe
100%
Azerbaijan
93%
Burkina Faso
93%
Kosovo
93%
Philippines
93%
Angola
92%
Armenia
90%
Ecuador
90%
Guinea
90%
Jamaica
90%
North Korea
90%
Rwanda
90%
Saudi Arabia
90%
Austria
89%
Chile
89%
Liberia
89%
Syria
89%
Tunisia
89%
Vietnam
89%
Burundi
88%
Eswatini
88%
Cambodia
86%
Cuba
86%
El Salvador
86%
Fiji
86%
Guinea-Bissau
86%
Lesotho
86%
Mauritania
86%
Netherlands
86%
Senegal
86%
Slovakia
86%
Taiwan
86%
Tajikistan
86%
Uzbekistan
86%
Greece
85%
Malaysia
85%
Cameroon
83%
Croatia
83%
Haiti
83%
Iceland
83%
Ireland
83%
Malawi
83%
Tuvalu
83%
Zambia
83%
Bahamas
82%
United Arab Emirates
82%
Cape Verde
80%
Estonia
80%
Kiribati
80%
North Macedonia
80%
Slovenia
80%
Belgium
78%
FS Micronesia
78%
Comoros
77%
Malta
77%
Botswana
75%
Equatorial Guinea
75%
Georgia
75%
Palau
75%
Samoa
75%
Seychelles
75%
Tonga
75%
Benin
71%
Latvia
71%
Marshall Islands
71%
Mauritius
70%
Belize
67%
Nauru
67%
Papua New Guinea
67%
Turkmenistan
67%
Israel
63%
Maldives
63%
Solomon Islands
63%
Eritrea
60%
Kuwait
56%
Vanuatu
54%
Sao Tome and Principe
50%
Somalia
50%
Albania
44%
No matching quizzes found
Score Distribution
Percent of People with Each Score
Percentile by Number Answered
Your Score History
You have not taken this quiz